Statystyki dla Podwójne szybkie wpisywanie od A do Z

Kliknij tutaj aby rozwiązać quiz!

Ogólne statystyki

  • Ten quiz został rozwiązany 1 392 razy
  • Średni wynik to 18 z 52

Statystyki odpowiedzi

litera% Poprawnych
a
100%
b
95%
c
93%
d
92%
e
91%
f
90%
g
89%
h
88%
i
86%
j
86%
k
85%
l
84%
m
81%
n
80%
o
76%
p
74%
q
38%
r
35%
s
33%
t
31%
u
28%
v
18%
w
16%
x
13%
y
11%
z
11%
A
10%
B
9%
C
9%
D
9%
E
9%
F
9%
G
9%
H
8%
I
7%
J
7%
K
6%
L
6%
N
5%
M
5%
O
4%
P
4%
Q
3%
R
3%
S
3%
T
3%
U
2%
V
2%
W
1%
X
1%
Y
1%
Z
1%

Rozkład punktacji

Percentyl według liczby udzielonych odpowiedzi

Procent ludzi z każdym wynikiem

Twoja historia wyników

Nie rozwiązałeś tego quizu